[Event "IECC KO-2073"]
[Site "IECC email"]
[Date "2007.10.16"]
[Round "?"]
[White "Hausgaard, Olaf"]
[Black "Jordaan, Wayne"]
[Result "0-1"]
[WhiteElo "1205"]
[BlackElo "1804"]
[PlyCount "40"]
[EventDate "2005.??.??"]
[EventType "match (corr)"]
[EventRounds "2"]
[SourceTitle "Corr 2011"]
[Source "ChessBase"]
[SourceDate "2010.08.31"]
[SourceVersion "1"]
[SourceVersionDate "2010.08.31"]
[SourceQuality "1"]
[WhiteTeam "US of America"]
[BlackTeam "South Africa"]
[WhiteTeamCountry "USA"]
[BlackTeamCountry "RSA"]

1. d4 d5 2. c4 e6 3. Nc3 Nc6 4. cxd5 exd5 5. Nf3 Bb4 6. Bg5 Bxc3+ 7. bxc3 Nce7 8. e3 f6 9. Bh4 g5 10. Bg3 Nf5 11. Bd3 h5 12. h3 Nxg3 13. fxg3 Qd6 14. Qa4+ Bd7 15. Qb3 Qxg3+ 16. Kf1 Bc6 17. Bb5 Ne7 18. Bxc6+ bxc6 19. Qb7 Kf7 20. Qxa8 Rxa8 0-1

[Event "IECC KO-2073"]
[Site "IECC email"]
[Date "2006.04.04"]
[Round "?"]
[White "Hausgaard, Olaf"]
[Black "Jensen, Jeff"]
[Result "0-1"]
[WhiteElo "1196"]
[BlackElo "1398"]
[PlyCount "36"]
[EventDate "2005.??.??"]
[EventType "match (corr)"]
[EventRounds "2"]
[SourceTitle "Corr 2020"]
[Source "ChessBase"]
[SourceDate "2019.09.30"]
[SourceVersion "1"]
[SourceVersionDate "2019.09.30"]
[SourceQuality "1"]
[WhiteTeam "United States"]
[BlackTeam "Australia"]
[WhiteTeamCountry "USA"]
[BlackTeamCountry "AUS"]

1. e4 c5 2. Nf3 d6 3. Nc3 Nc6 4. a3 Nf6 5. Bc4 g6 6. d4 cxd4 7. Nxd4 Nxd4 8. Qxd4 Bg7 9. Bg5 0-0 10. 0-0-0 Qc7 11. Nd5 Nxd5 12. Qxd5 Be6 13. Qb5 Bxc4 14. Qb4 Rfc8 15. Kb1 a5 16. Qd2 Qb6 17. c3 Qb3 18. Bxe7 Bxc3 0-1

[Event "IECC KO-1055"]
[Site "IECC email"]
[Date "2006.01.03"]
[Round "?"]
[White "Hausgaard, Olaf"]
[Black "Hilton, Jim"]
[Result "0-1"]
[WhiteElo "1205"]
[BlackElo "1075"]
[PlyCount "44"]
[EventDate "2005.??.??"]
[EventType "match (corr)"]
[EventRounds "2"]
[SourceTitle "Corr 2020"]
[Source "ChessBase"]
[SourceDate "2019.09.30"]
[SourceVersion "1"]
[SourceVersionDate "2019.09.30"]
[SourceQuality "1"]
[WhiteTeam "United States"]
[BlackTeam "United States"]
[WhiteTeamCountry "USA"]
[BlackTeamCountry "USA"]

1. e4 e5 2. Nf3 Nf6 3. Nc3 Nc6 4. d4 exd4 5. Nxd4 Bb4 6. Nxc6 bxc6 7. e5 Qe7 8. Qe2 Nd5 9. Bd2 0-0 10. g3 Re8 11. a3 Bxc3 12. bxc3 Qxe5 13. Qxe5 Rxe5+ 14. Be2 Ba6 15. 0-0 Rxe2 16. Rfd1 Rb8 17. c4 Bxc4 18. Ra2 Bxa2 19. Bb4 Nxb4 20. axb4 Bd5 21. h4 Rxb4 22. c3 Rbb2 0-1

[Event "IECC KO-1055"]
[Site "IECC email"]
[Date "2005.09.29"]
[Round "?"]
[White "Hausgaard, Olaf"]
[Black "Miller, Warren Ray"]
[Result "1-0"]
[WhiteElo "1190"]
[BlackElo "984"]
[PlyCount "37"]
[EventDate "2005.??.??"]
[EventType "match (corr)"]
[EventRounds "2"]
[SourceTitle "Corr 2008"]
[Source "ChessBase"]
[SourceDate "2008.06.24"]
[SourceVersion "1"]
[SourceVersionDate "2008.06.24"]
[SourceQuality "1"]

1. e4 e5 2. Nf3 Nc6 3. Bb5 d6 4. d4 Bd7 5. d5 Nd4 6. Nxd4 exd4 7. Bxd7+ Qxd7 8. Qxd4 Nf6 9. Nc3 Be7 10. 0-0 0-0 11. a4 c6 12. dxc6 Qxc6 13. Bg5 Rae8 14. Rfe1 a6 15. e5 dxe5 16. Rxe5 Bc5 17. Rxc5 Ne4 18. Rxc6 bxc6 19. Nxe4 1-0

[Event "IECC CL7-2004.15 email"]
[Site "IECC email"]
[Date "2004.10.08"]
[Round "?"]
[White "Hernandez, Sebastian"]
[Black "Hausgaard, Olaf"]
[Result "1-0"]
[WhiteElo "1144"]
[BlackElo "1072"]
[PlyCount "49"]
[EventDate "2004.??.??"]
[EventType "tourn (corr)"]
[EventRounds "4"]
[SourceTitle "Corr 2008"]
[Source "ChessBase"]
[SourceDate "2008.06.24"]
[SourceVersion "1"]
[SourceVersionDate "2008.06.24"]
[SourceQuality "1"]

1. e4 c5 2. Nf3 d6 3. d4 cxd4 4. Nxd4 Nf6 5. Nc3 e5 6. Nf3 a6 7. Bc4 Bg4 8. Bxf7+ Kxf7 9. Nxe5+ Kg8 10. Nxg4 h6 11. 0-0 Nbd7 12. Bf4 Nxg4 13. Qxg4 Nf6 14. Qe6+ Kh7 15. Rad1 Qd7 16. Qxd7 Nxd7 17. Bxd6 Bxd6 18. Rxd6 Rad8 19. Rfd1 Rhe8 20. Rxd7 Rxd7 21. Rxd7 b5 22. f3 Rc8 23. a3 a5 24. Rb7 a4 25. Rxb5 1-0

[Event "IECC KO-1040"]
[Site "IECC email"]
[Date "2004.05.14"]
[Round "?"]
[White "Hausgaard, Olaf"]
[Black "Bousquet, Christophe"]
[Result "0-1"]
[WhiteElo "1087"]
[BlackElo "1120"]
[PlyCount "70"]
[EventDate "2003.??.??"]
[EventType "match (corr)"]
[EventRounds "2"]
[SourceTitle "Corr 2020"]
[Source "ChessBase"]
[SourceDate "2019.09.30"]
[SourceVersion "1"]
[SourceVersionDate "2019.09.30"]
[SourceQuality "1"]
[WhiteTeam "United States"]
[BlackTeam "France"]
[WhiteTeamCountry "USA"]
[BlackTeamCountry "FRA"]

1. e4 e5 2. Bc4 Nf6 3. d3 c6 4. Nf3 d5 5. exd5 cxd5 6. Bb5+ Bd7 7. Bxd7+ Nbxd7 8. 0-0 Bd6 9. c4 d4 10. Nbd2 0-0 11. a3 Nc5 12. Ne4 Ncxe4 13. dxe4 Nxe4 14. Re1 f5 15. b4 Qf6 16. c5 Bc7 17. Qb3+ Kh8 18. Nd2 Nxd2 19. Bxd2 f4 20. Qd5 Rab8 21. b5 Rfe8 22. a4 Re7 23. Re4 Rf8 24. Bb4 f3 25. g3 Re6 26. b6 axb6 27. cxb6 Bd6 28. Bxd6 Rxd6 29. Qxe5 Qxe5 30. Rxe5 d3 31. Rd1 d2 32. a5 Rfd8 33. h4 Kg8 34. Re7 Rc8 35. Rc7 Re8 0-1

[Event "IECC KO-1040"]
[Site "IECC email"]
[Date "2003.11.05"]
[Round "?"]
[White "Hausgaard, Olaf"]
[Black "Ballueder, Volker"]
[Result "1/2-1/2"]
[WhiteElo "1038"]
[BlackElo "946"]
[PlyCount "64"]
[EventDate "2003.??.??"]
[EventType "match (corr)"]
[EventRounds "2"]
[SourceTitle "Corr 2020"]
[Source "ChessBase"]
[SourceDate "2019.09.30"]
[SourceVersion "1"]
[SourceVersionDate "2019.09.30"]
[SourceQuality "1"]
[WhiteTeam "United States"]
[BlackTeam "Scotland"]
[WhiteTeamCountry "USA"]
[BlackTeamCountry "SCO"]

1. e4 e5 2. Bc4 Nf6 3. d3 Nc6 4. Nc3 Bb4 5. Nf3 Bxc3+ 6. bxc3 0-0 7. Ba3 d6 8. 0-0 Bg4 9. Re1 d5 10. Bxf8 dxc4 11. a3 Qxf8 12. d4 Bxf3 13. Qxf3 exd4 14. cxd4 Nxd4 15. Qc3 Rd8 16. Qxc4 Qd6 17. e5 Qb6 18. exf6 Qxf6 19. Rad1 g6 20. h3 b5 21. Qxc7 Qg5 22. Rd3 Ne6 23. Kh1 Rxd3 24. cxd3 Nf4 25. Re8+ Kg7 26. Qe5+ Qxe5 27. Rxe5 Nxd3 28. Rxb5 Nxf2+ 29. Kh2 Ne4 30. Ra5 Nd6 31. Rxa7 Nb5 32. Ra5 Nc3 1/2-1/2

[Event "IECC CL7-2003.24 email"]
[Site "IECC email"]
[Date "2003.11.04"]
[Round "?"]
[White "Hausgaard, Olaf"]
[Black "Kondal, Rao"]
[Result "1-0"]
[WhiteElo "1083"]
[BlackElo "1073"]
[PlyCount "47"]
[EventDate "2003.??.??"]
[EventType "tourn (corr)"]
[EventRounds "4"]
[SourceTitle "Corr 2008"]
[Source "ChessBase"]
[SourceDate "2008.06.24"]
[SourceVersion "1"]
[SourceVersionDate "2008.06.24"]
[SourceQuality "1"]

1. e4 e5 2. Nf3 Nc6 3. Bc4 Nf6 4. Ng5 d5 5. exd5 Nxd5 6. Qf3 Be6 7. Nxe6 fxe6 8. Qh5+ g6 9. Qg4 Qf6 10. 0-0 Nd4 11. Na3 Bd6 12. c3 Nf5 13. d3 h5 14. Qe4 Bxa3 15. bxa3 Nxc3 16. Qxb7 0-0 17. Re1 Nd4 18. Bh6 Qxf2+ 19. Kh1 Qf7 20. Bxf8 Qxf8 21. Rf1 Qc8 22. Qb2 Nce2 23. Qd2 Kg7 24. Qg5 1-0

[Event "IECC CL7-2003.19 email"]
[Site "IECC email"]
[Date "2003.08.07"]
[Round "?"]
[White "Hausgaard, Olaf"]
[Black "Duarte, Antonio Jorge ST"]
[Result "0-1"]
[WhiteElo "1083"]
[BlackElo "1057"]
[PlyCount "74"]
[EventDate "2003.??.??"]
[EventType "tourn (corr)"]
[EventRounds "4"]
[SourceTitle "Corr 2008"]
[Source "ChessBase"]
[SourceDate "2008.06.24"]
[SourceVersion "1"]
[SourceVersionDate "2008.06.24"]
[SourceQuality "1"]

1. e4 e6 2. d4 d5 3. e5 c5 4. c3 Nc6 5. Nf3 Qb6 6. Be2 Nge7 7. 0-0 Nf5 8. dxc5 Bxc5 9. b4 Be7 10. a4 d4 11. a5 Qc7 12. Ba3 dxc3 13. Nxc3 Nxe5 14. Nb5 Nxf3+ 15. Bxf3 Qe5 16. Qd3 a6 17. Nc3 0-0 18. Rfe1 Qd4 19. Rad1 Rd8 20. Be4 Qxd3 21. Bxd3 Nd4 22. Ne4 Bd7 23. Nc5 Bc6 24. Bb2 Bxc5 25. bxc5 Nb3 26. Re3 Nxc5 27. Bc2 Rxd1+ 28. Bxd1 Rd8 29. Bc2 Ba4 30. Bxh7+ Kxh7 31. h3 Rd1+ 32. Kh2 Rd2 33. Ba3 Nb3 34. Re4 Rd4 35. Rxd4 Nxd4 36. Bc5 Nb3 37. f4 Nxc5 0-1

[Event "IECC M email"]
[Site "IECC email"]
[Date "2002.11.11"]
[Round "?"]
[White "Hausgaard, Olaf"]
[Black "Pitman, Richard"]
[Result "1-0"]
[WhiteElo "1065"]
[BlackElo "1100"]
[PlyCount "43"]
[EventDate "2002.??.??"]
[EventType "tourn (corr)"]
[EventRounds "6"]
[SourceTitle "Corr 2008"]
[Source "ChessBase"]
[SourceDate "2008.06.24"]
[SourceVersion "1"]
[SourceVersionDate "2008.06.24"]
[SourceQuality "1"]

1. e4 e5 2. Nf3 Nc6 3. Nc3 Nf6 4. Bb5 d6 5. d4 d5 6. dxe5 Nxe4 7. Nxe4 Bd7 8. Nc5 Bxc5 9. Qxd5 Qe7 10. 0-0 Qe6 11. Qxc5 b6 12. Qc3 a6 13. Bc4 0-0 14. Bxe6 Bxe6 15. Qxc6 Rac8 16. b3 h6 17. Bb2 Bf5 18. Nd4 Bg4 19. e6 Rce8 20. exf7+ Kxf7 21. Qxc7+ Kg8 22. Rae1 1-0

[Event "IECC M email"]
[Site "IECC email"]
[Date "2002.06.18"]
[Round "?"]
[White "Miller, Warren Ray"]
[Black "Hausgaard, Olaf"]
[Result "1-0"]
[WhiteElo "1040"]
[BlackElo "1060"]
[PlyCount "51"]
[EventDate "2002.??.??"]
[EventType "tourn (corr)"]
[EventRounds "6"]
[SourceTitle "Corr 2008"]
[Source "ChessBase"]
[SourceDate "2008.06.24"]
[SourceVersion "1"]
[SourceVersionDate "2008.06.24"]
[SourceQuality "1"]

1. e4 e5 2. Nf3 d6 3. Nc3 Nf6 4. d4 exd4 5. Nxd4 c5 6. Nf3 Bg4 7. Be2 Nc6 8. Be3 a6 9. 0-0 g6 10. Nd5 Bg7 11. c4 Nxe4 12. Ng5 Bxe2 13. Qxe2 0-0 14. Rad1 Nxg5 15. b3 Nb4 16. Nxb4 cxb4 17. Bxg5 Qxg5 18. Rxd6 Rfe8 19. Qf3 Be5 20. Rd7 Re7 21. Qxb7 Rb8 22. Qc6 Rxd7 23. Qxd7 Rd8 24. Qb7 Qh4 25. g3 a5 26. gxh4 1-0

[Event "IECC KO email"]
[Site "IECC email"]
[Date "2001.12.06"]
[Round "?"]
[White "Hausgaard, Olaf"]
[Black "Viatge, Fabrice"]
[Result "0-1"]
[WhiteElo "1038"]
[BlackElo "1233"]
[PlyCount "40"]
[EventDate "2001.??.??"]
[EventType "tourn (corr)"]
[EventRounds "6"]
[SourceTitle "Corr 2008"]
[Source "ChessBase"]
[SourceDate "2008.06.24"]
[SourceVersion "1"]
[SourceVersionDate "2008.06.24"]
[SourceQuality "1"]

1. e4 e5 2. Nf3 Nc6 3. d4 exd4 4. Nxd4 Bc5 5. Be3 Qf6 6. c3 Nge7 7. Bc4 Ne5 8. Bb3 Qg6 9. 0-0 d6 10. Nd2 Bh3 11. g3 Bxf1 12. Qxf1 0-0-0 13. Ba4 h5 14. h4 Kb8 15. b4 Bb6 16. Bc2 Ng4 17. Qc4 Nxe3 18. fxe3 Qxg3+ 19. Kf1 Qxh4 20. Qxf7 Rhf8 0-1

[Event "IECC KO email"]
[Site "IECC email"]
[Date "2001.06.16"]
[Round "?"]
[White "Hausgaard, Olaf"]
[Black "Turko, Sergey Ivanovich"]
[Result "0-1"]
[WhiteElo "1035"]
[BlackElo "1255"]
[PlyCount "50"]
[EventDate "2001.??.??"]
[EventType "tourn (corr)"]
[EventRounds "6"]
[SourceTitle "Corr 2008"]
[Source "ChessBase"]
[SourceDate "2008.06.24"]
[SourceVersion "1"]
[SourceVersionDate "2008.06.24"]
[SourceQuality "1"]

1. e4 e5 2. Nf3 Nc6 3. Bc4 Bc5 4. d3 Nf6 5. Ng5 0-0 6. Nc3 Na5 7. Bxf7+ Rxf7 8. Nxf7 Kxf7 9. a3 Bd4 10. Nd5 d6 11. c3 Bb6 12. b4 Nc6 13. a4 a6 14. Qb3 Nxd5 15. exd5 Ne7 16. 0-0 Bf5 17. c4 Bd4 18. Bb2 Bxb2 19. Qxb2 Bxd3 20. Rfc1 Ng6 21. b5 Nf4 22. Re1 Bxc4 23. bxa6 Nxg2 24. Rec1 Qg5 25. f4 Nxf4+ 0-1

[Event "IECC CL8-2001.06"]
[Site "IECC email"]
[Date "2001.03.24"]
[Round "?"]
[White "Hausgaard, Olaf"]
[Black "Koen, Bryan E"]
[Result "0-1"]
[WhiteElo "1004"]
[BlackElo "1023"]
[PlyCount "64"]
[EventDate "2001.??.??"]
[EventType "tourn (corr)"]
[EventRounds "4"]
[SourceTitle "Corr 2008"]
[Source "ChessBase"]
[SourceDate "2008.06.24"]
[SourceVersion "1"]
[SourceVersionDate "2008.06.24"]
[SourceQuality "1"]

1. e4 c5 2. Nf3 Nc6 3. d4 cxd4 4. Nxd4 g6 5. Nc3 Bg7 6. Be3 Nf6 7. Nxc6 bxc6 8. e5 Nd5 9. Nxd5 cxd5 10. Qxd5 Rb8 11. b3 Bb7 12. Qd2 Bxe5 13. Rd1 Qc7 14. Bd4 0-0 15. Bxe5 Qxe5+ 16. Qe3 Qa5+ 17. Qd2 Qxa2 18. f3 Ba6 19. Bxa6 Qxa6 20. Kf2 Rfc8 21. Rhe1 Qb6+ 22. Kf1 e6 23. Qxd7 Rxc2 24. Re2 Rxe2 25. Kxe2 Qc5 26. Qd3 Qe5+ 27. Kf2 Qb2+ 28. Kg1 Rxb3 29. Qd7 Ra3 30. h3 Ra2 31. Qd8+ Kg7 32. Qd5 Qxg2# 0-1

[Event "IECC KO email"]
[Site "IECC email"]
[Date "2000.12.09"]
[Round "?"]
[White "Hausgaard, Olaf"]
[Black "Gumminger, Fred"]
[Result "1-0"]
[WhiteElo "1009"]
[BlackElo "950"]
[PlyCount "71"]
[EventDate "2000.??.??"]
[EventType "tourn (corr)"]
[EventRounds "6"]
[SourceTitle "Corr 2008"]
[Source "ChessBase"]
[SourceDate "2008.06.24"]
[SourceVersion "1"]
[SourceVersionDate "2008.06.24"]
[SourceQuality "1"]

1. e4 c6 2. d4 d5 3. e5 Bf5 4. Nf3 e6 5. Nh4 Ne7 6. Bg5 Qb6 7. b3 c5 8. Nf3 Nbc6 9. c3 h6 10. Bxe7 Bxe7 11. a4 cxd4 12. cxd4 Bb4+ 13. Nbd2 Nxd4 14. Nxd4 Qxd4 15. Bb5+ Ke7 16. Ra2 Qxe5+ 17. Be2 h5 18. 0-0 Rac8 19. Nf3 Qd6 20. Nd4 Bg4 21. Rc2 a6 22. Rxc8 Rxc8 23. Bxg4 Rh8 24. Bf3 h4 25. h3 Ba5 26. Qc2 Bc7 27. Rc1 Kd7 28. b4 Rc8 29. Qb2 Qf4 30. Ne2 Qh2+ 31. Kf1 Be5 32. Qb1 Rh8 33. b5 a5 34. b6 Bf4 35. Nxf4 Qxf4 36. Rc7+ 1-0

[Event "IECC CL7-2000.30"]
[Site "IECC email"]
[Date "2000.05.24"]
[Round "?"]
[White "Zentil, Dalibor"]
[Black "Hausgaard, Olaf"]
[Result "1-0"]
[WhiteElo "1050"]
[BlackElo "1022"]
[PlyCount "31"]
[EventDate "2000.??.??"]
[EventType "tourn (corr)"]
[EventRounds "4"]
[SourceTitle "Corr 2008"]
[Source "ChessBase"]
[SourceDate "2008.06.24"]
[SourceVersion "1"]
[SourceVersionDate "2008.06.24"]
[SourceQuality "1"]

1. e4 e5 2. Nf3 Nc6 3. Bb5 a6 4. Bxc6 bxc6 5. Nxe5 Nf6 6. Nc3 Bb4 7. Qf3 0-0 8. 0-0 Re8 9. d4 Bb7 10. Na4 d6 11. Nd3 Ba5 12. Bg5 c5 13. dxc5 dxc5 14. Naxc5 Bxe4 15. Nxe4 Qd5 16. Nxf6+ 1-0

[Event "IECC KO email"]
[Site "IECC email"]
[Date "2000.03.24"]
[Round "?"]
[White "Bieker, Peter"]
[Black "Hausgaard, Olaf"]
[Result "1-0"]
[WhiteElo "1041"]
[BlackElo "1071"]
[PlyCount "44"]
[EventDate "2000.??.??"]
[EventType "tourn (corr)"]
[EventRounds "6"]
[SourceTitle "Corr 2008"]
[Source "ChessBase"]
[SourceDate "2008.06.24"]
[SourceVersion "1"]
[SourceVersionDate "2008.06.24"]
[SourceQuality "1"]

1. d4 d5 2. c4 Nf6 3. cxd5 Nxd5 4. e4 Nb6 5. Nf3 Bg4 6. Bg5 h6 7. Bf4 g5 8. Be5 Nc6 9. Bxh8 f6 10. Bb5 e6 11. 0-0 Be7 12. h3 Bxf3 13. Qxf3 Kf7 14. Bxc6 bxc6 15. Bxf6 Bxf6 16. e5 Nd5 17. exf6 Nxf6 18. Qxc6 Rb8 19. Nd2 Rxb2 20. Nc4 Re2 21. Ne5+ Ke7 22. Qa6 Qxd4 1-0

[Event "IECC KO email"]
[Site "IECC email"]
[Date "1999.02.15"]
[Round "1"]
[White "Hausgaard, Olaf"]
[Black "Carson, Mike"]
[Result "0-1"]
[WhiteElo "1144"]
[BlackElo "1514"]
[PlyCount "66"]
[EventDate "1999.??.??"]
[EventType "tourn (corr)"]
[EventRounds "6"]
[SourceTitle "Corr 2008"]
[Source "ChessBase"]
[SourceDate "2008.06.24"]
[SourceVersion "1"]
[SourceVersionDate "2008.06.24"]
[SourceQuality "1"]

1. e4 c6 2. d4 d5 3. e5 Bf5 4. Nf3 e6 5. Nc3 c5 6. Bb5+ Nd7 7. b3 cxd4 8. Nxd4 Qc7 9. Bxd7+ Kxd7 10. Qf3 Qxe5+ 11. Nce2 Bc5 12. Be3 Nf6 13. Rd1 Bg4 14. Qg3 Qxg3 15. Nxg3 Bxd1 16. Kxd1 Ng4 17. h3 Nxe3+ 18. fxe3 e5 19. Nb5 Bxe3 20. Nf5 Bc5 21. Re1 g6 22. Ne3 a6 23. Nc3 d4 24. Ne4 Bb4 25. Rf1 dxe3 26. Rxf7+ Kc6 27. Ke2 Raf8 28. Rxf8 Rxf8 29. a4 Bd2 30. c3 Rd8 31. c4 Bc1 32. Nf6 Rd2+ 33. Kxe3 Rd6+ 0-1

[Event "IECC P email"]
[Site "IECC email"]
[Date "1999.02.02"]
[Round "?"]
[White "Hausgaard, Olaf"]
[Black "Tysse, Terje"]
[Result "1-0"]
[WhiteElo "1166"]
[BlackElo "1111"]
[PlyCount "91"]
[EventDate "1999.??.??"]
[EventType "tourn (corr)"]
[EventRounds "6"]
[SourceTitle "Corr 2008"]
[Source "ChessBase"]
[SourceDate "2008.06.24"]
[SourceVersion "1"]
[SourceVersionDate "2008.06.24"]
[SourceQuality "1"]

1. e4 e5 2. Nf3 Nc6 3. Nc3 Nf6 4. Bb5 Bc5 5. 0-0 0-0 6. Bxc6 bxc6 7. a3 Ba6 8. d3 Re8 9. b4 Bd4 10. Nxd4 exd4 11. Na4 d5 12. Nc5 Bc8 13. exd5 Nxd5 14. Bb2 Nf4 15. Qf3 Ne2+ 16. Kh1 Bd7 17. Rfe1 Nc3 18. Bxc3 dxc3 19. Ne4 Qe7 20. h3 Qe5 21. Rad1 f5 22. d4 Qd5 23. Nxc3 Rxe1+ 24. Rxe1 Qxd4 25. Re7 Kf8 26. Re4 Qd6 27. Rh4 Re8 28. g3 Kg8 29. Na4 Re1+ 30. Kh2 g6 31. Nc5 g5 32. Rc4 Be6 33. Nxe6 Qxe6 34. Rxc6 Qe5 35. Rc5 Qg7 36. Qa8+ Qf8 37. Qxa7 g4 38. Rxc7 gxh3 39. Qb7 Re8 40. Kxh3 Qh6+ 41. Kg2 Qg6 42. a4 h5 43. a5 h4 44. Qd5+ Re6 45. Qd8+ Re8 46. Qxh4 1-0